000 00735nam a2200241Ia 4500
003 OSt
005 20221005112629.0
006 a|||||r|||| 00| 0
007 ta
008 221004b |||||||| |||| 00| 0 pan d
024 _a117634
037 _cTextual
040 _aCRL
_cCRL
_bpan
041 _2pan
_apan
082 _aS:796, 153Q0
100 _aਸਿੱਧੂ, ਸੁਰਿੰਦਰ ਸਿੰਘ
245 0 _aਨੇ ਕਾਰਣ ਤੇ ਇਲਾਜ
260 _aਜਲੰਧਰ
_bਆਬ ਭਾਰਤ
_c2010
300 _a136ਪੰ
_ccm.
650 _aਮਨੋਵਿਗਆਨ
942 _hS:796, 153Q0
_cTEXL
_2cc
999 _c1025459
_d1025459